NNNきょうの出来事の歴代メインキャスター - Statistics

General Stats
  • This quiz has been taken 3 times
  • The average score is 9 of 33
Answer Stats
時期(担当の曜日) メインキャスター % Correct
1974.4.1~1979.4.1(月~金) 小林完吾
67%
1974.4.2~1980.3.31(日替わり) 小林完吾
67%
1980.4.1~1980.6.29(水~金) 小林完吾
67%
1980.6.30~1981.3.2(木~金) 小林完吾
67%
1981.3.30~1983.4.3(月~水) 小林完吾
67%
1984.4.2~1985.3.31(月~水) 小林完吾
67%
1985.4.1~1988.4.3(月~木) 小林完吾
67%
1980.7.14~1988.4.3(月~水) 櫻井良子
67%
1988.4.4~1994.4.3(月~木) 櫻井良子
67%
1994.4.4~1996.3.3(月~金) 櫻井よしこ
67%
1974.4.2~1980.3.31(日替わり) 久保晴生
33%
1980.4.1~1980.6.29(月~火) 久保晴生
33%
1980.6.30~1981.3.29(月~水) 久保晴生
33%
1990.3.31~1994.4.3(金~日) 井田由美
33%
1994.4.4~1996.3.3(土~日) 井田由美
33%
1996.4.1~2003.9.28(月~金) 井田由美
33%
2003.9.29~2006.9.29(月~金) 小栗泉
33%
1996.4.1~2006.9.29(土~日) 鷹西美佳
33%
1980.4.1~1980.4.30(月~火) 片倉もとこ
0%
1980.5.1~1980.6.29(月~火) 小坂美保子
0%
1980.4.1~1980.6.29(水~金) 馬場恭子
0%
1980.6.30~1980.7.13(月~水) 小坂美保子
0%
1980.6.30~1980.9.28(木~金) 馬場恭子
0%
1981.3.30~1983.4.3(木~金) 舛方勝宏
0%
1983.4.4~1984.4.1(月~水) 高雄孝昭
0%
1983.4.4~1985.3.31(木~土) 國弘正雄
0%
1983.4.4~1985.3.31(日) 舛方勝宏
0%
1985.4.1~1985.9.29(金~日) 舛方勝宏
0%
1985.9.30~1988.4.3(金~日) 芦沢俊美
0%
1980.9.29~1988.4.3(木~日) 青尾幸
0%
1988.4.4~1990.3.31(月~木) 真山勇一
0%
1988.4.4~1990.3.31(金~日) 舛方勝宏
0%
1988.4.4~1990.3.31(金~日) 青尾幸
0%
No matching quizzes found
Score Distribution
Percent of People with Each Score
Percentile by Number Answered
Your Score History
You have not taken this quiz